[Event "CTO DE ESPANA DE SELECCIONES AUTONOMICAS"]
[Site "Hotel La Borona, Gijon (Asturi"]
[Date "2011.04.30"]
[Round "3.2"]
[White "Garza Marco, Sergio"]
[Black "Paramos Dominguez, Roberto"]
[Result "1-0"]
[WhiteElo "2434"]
[BlackElo "2427"]
[PlyCount "137"]
[EventDate "2011.04.29"]

1. c4 g6 2. Nc3 Bg7 3. d4 Nf6 4. Bg5 h6 5. Bh4 c5 6. d5 Qa5 7. Qd2 d6 8. e3 g5
9. Bg3 Nh5 10. Be2 Nxg3 11. hxg3 Nd7 12. Rc1 Ne5 13. f4 Ng4 14. Nh3 Bd7 15. Nf2
Nxf2 16. Kxf2 O-O-O 17. Bh5 Rdf8 18. Rhf1 Rhg8 19. b3 f5 20. Rh1 Kb8 21. Be2
Qd8 22. a3 Qb6 23. Qc2 Qa5 24. Nb1 e5 25. dxe6 Bxe6 26. Rcd1 Rd8 27. Bf3 Rge8
28. Bd5 Bc8 29. Rd3 Re7 30. Qd2 Qb6 31. Bf3 Be6 32. Nc3 Red7 33. Bd5 Re7 34.
Bxe6 Rxe6 35. Nd5 Qc6 36. Qd1 Qe8 37. Qh5 Qf8 38. fxg5 hxg5 39. Qxg5 Bh6 40.
Qh5 Qg7 41. b4 Rg8 42. Rh3 f4 43. Kg1 fxg3 44. e4 Rg6 45. bxc5 dxc5 46. e5 Bc1
47. Nf6 Rxf6 48. exf6 Qxf6 49. Rhxg3 Rh8 50. Qxc5 Bf4 51. Rh3 Re8 52. Rd1 Qe6
53. Qd5 Qg6 54. c5 Bc7 55. Qh5 Qe4 56. Qf3 Qe5 57. Rh5 Qg7 58. Rf1 Rg8 59. Kh1
Rd8 60. Rb1 b6 61. cxb6 axb6 62. Qc6 Qd4 63. Qf3 Qg7 64. a4 Qg6 65. Rd1 Re8 66.
a5 Qe6 67. Rf1 bxa5 68. Rb1+ Bb6 69. Rh7 1-0

[Event "CTO DE ESPANA DE SELECCIONES AUTONOMICAS"]
[Site "Hotel La Borona, Gijon (Asturi"]
[Date "2011.04.30"]
[Round "3.3"]
[White "Garcia Castro, Pablo"]
[Black "Forcen Esteban, Daniel"]
[Result "0-1"]
[WhiteElo "2399"]
[BlackElo "2425"]
[PlyCount "96"]
[EventDate "2011.04.29"]

1. c4 c5 2. g3 Nc6 3. Bg2 g6 4. Nc3 Bg7 5. e4 e5 6. Nge2 d6 7. d3 h5 8. O-O h4
9. Nd5 Be6 10. f4 Qd7 11. f5 gxf5 12. exf5 Bxf5 13. gxh4 Bg4 14. Qe1 O-O-O 15.
Ng3 Rf8 16. Rb1 f5 17. b4 Nf6 18. bxc5 dxc5 19. Bg5 Nxd5 20. cxd5 Nb4 21. d6
Qxd6 22. h3 f4 23. Ne4 Qd4+ 24. Qf2 f3 25. Qxd4 exd4 26. hxg4 fxg2 27. Kxg2 b6
28. Nd6+ Kd7 29. Nf5 Be5 30. Rf3 Re8 31. Rb2 Bc7 32. Kh3 Re1 33. Nxd4 Rh1+ 34.
Kg2 Rh2+ 35. Kf1 Rxb2 36. Rf7+ Kc8 37. Bf6 Re8 38. Nb5 Rb1+ 39. Kg2 Bb8 40. h5
Nxd3 41. Nxa7+ Bxa7 42. h6 Nf4+ 43. Kf2 Bb8 44. g5 Nd3+ 45. Kg2 Nf4+ 46. Kf2
Nh3+ 47. Kg2 Rg1+ 48. Kxh3 Re2 0-1

[Event "CTO DE ESPANA DE SELECCIONES AUTONOMICAS"]
[Site "Hotel La Borona, Gijon (Asturi"]
[Date "2011.04.30"]
[Round "3.4"]
[White "Ramiro Ovejero, Juan Luis"]
[Black "Sanchez Aller, Fernando"]
[Result "1/2-1/2"]
[WhiteElo "2350"]
[BlackElo "2339"]
[PlyCount "137"]
[EventDate "2011.04.29"]

1. e4 e5 2. Nf3 Nc6 3. Bc4 Nf6 4. d3 Bc5 5. Nc3 d6 6. Bg5 h6 7. Bxf6 Qxf6 8.
Nd5 Qd8 9. c3 Ne7 10. d4 exd4 11. cxd4 Bb6 12. Nxb6 axb6 13. Qb3 O-O 14. O-O
Ra5 15. Rac1 c6 16. d5 c5 17. Rfe1 Bd7 18. e5 b5 19. exd6 Nf5 20. Bf1 b6 21. a3
Nxd6 22. Ne5 Qc7 23. Qf3 Ra4 24. g3 b4 25. axb4 Rxb4 26. Qc3 Qd8 27. Nc6 Bxc6
28. dxc6 Nf5 29. c7 Qd7 30. Bh3 Rd4 31. Qf3 g6 32. Bxf5 gxf5 33. Re5 Qxc7 34.
Qxf5 Qd6 35. Rce1 Qd7 36. Qh5 Rd6 37. Re7 Qa4 38. R7e4 Qc6 39. Rg4+ Kh7 40.
Qf5+ Rg6 41. Re7 Qf6 42. Qxg6+ Qxg6 43. Rxg6 Kxg6 44. Rb7 Rd8 45. Rxb6+ Kg7 46.
Kg2 Rd2 47. Kf3 Rc2 48. Ke3 c4 49. h4 c3 50. b4 Rb2 51. f3 c2 52. Kd2 Rb3 53.
Kxc2 Rxf3 54. Rc6 Rxg3 55. Rc4 Kg6 56. b5 Kh5 57. b6 Rg8 58. b7 Rb8 59. Rb4 f5
60. Kd3 f4 61. Ke2 Kxh4 62. Kf3 Kg5 63. Rb5+ Kf6 64. Kxf4 Ke6 65. Kg4 Kd6 66.
Kh5 Kc6 67. Rb2 Rxb7 68. Rxb7 Kxb7 69. Kxh6 1/2-1/2

[Event "CTO DE ESPANA DE SELECCIONES AUTONOMICAS"]
[Site "Hotel La Borona, Gijon (Asturi"]
[Date "2011.04.30"]
[Round "3.5"]
[White "Redondo Arguelles, Graciela"]
[Black "Chueca Forcen, Alberto"]
[Result "0-1"]
[WhiteElo "2071"]
[BlackElo "2289"]
[PlyCount "124"]
[EventDate "2011.04.29"]

1. e4 Nf6 2. d3 d5 3. Nd2 e5 4. Ngf3 Nc6 5. Be2 Bc5 6. O-O O-O 7. c3 Re8 8. b4
Bf8 9. a3 Bg4 10. Re1 Qd7 11. h3 Bh5 12. Nh2 Bg6 13. Ng4 Nxg4 14. Bxg4 Qd6 15.
h4 h6 16. Qf3 Rad8 17. Nf1 dxe4 18. dxe4 Qd3 19. Bb2 Qxf3 20. Bxf3 f6 21. Rad1
Ne7 22. Ne3 Bf7 23. Rxd8 Rxd8 24. Rd1 Rb8 25. Be2 Be6 26. c4 c6 27. Bg4 Kf7 28.
Kf1 g6 29. Ke2 h5 30. Bxe6+ Kxe6 31. c5 Ng8 32. Nc4 Nh6 33. Bc3 Nf7 34. Rd3 Be7
35. Rg3 g5 36. hxg5 fxg5 37. Rh3 h4 38. Ne3 a5 39. Ng4 axb4 40. axb4 b6 41.
cxb6 Rxb6 42. Rf3 Bxb4 43. Bxb4 Rxb4 44. Rf6+ Ke7 45. Rxc6 Rxe4+ 46. Ne3 Nd6
47. f3 Ra4 48. Nd5+ Ke6 49. Nc7+ Kd7 50. Rc2 Nf5 51. Kf2 Nd4 52. Rc1 Ra2+ 53.
Kf1 Ra5 54. Rc3 Nc6 55. Ne8 Ra1+ 56. Kf2 Ra2+ 57. Kf1 Nd4 58. Nf6+ Ke6 59. Ng4
Kf5 60. Re3 Kf4 61. Re1 Kg3 62. Ne3 h3 0-1

[Event "CTO DE ESPANA DE SELECCIONES AUTONOMICAS"]
[Site "Hotel La Borona, Gijon (Asturi"]
[Date "2011.04.30"]
[Round "3.6"]
[White "Garcia Vicente, Nieves"]
[Black "Gomez Dieguez, David"]
[Result "1-0"]
[WhiteElo "2220"]
[BlackElo "1976"]
[PlyCount "97"]
[EventDate "2011.04.29"]

1. d4 Nf6 2. c4 e5 3. dxe5 Ng4 4. Bf4 Bb4+ 5. Nd2 d6 6. exd6 Qf6 7. Nh3 Nxf2 8.
Kxf2 Bxh3 9. g3 Bc5+ 10. e3 Bf5 11. Nf3 cxd6 12. Be2 h6 13. Qd2 Nc6 14. a3 a5
15. Rad1 Rd8 16. h4 O-O 17. Kg2 Be4 18. h5 b6 19. Qc1 Ne5 20. Rh4 Rfe8 21. Bxe5
Qxe5 22. Rd3 Re6 23. Qd2 Rde8 24. b4 axb4 25. axb4 Bxf3+ 26. Bxf3 Bxe3 27. Qc2
Bg5 28. Re4 Qf6 29. Rxd6 Rxe4 30. Rxf6 Rd4 31. Rxb6 Rd2+ 32. Qxd2 Bxd2 33. Rb7
Kf8 34. Bc6 Re2+ 35. Kf3 Re3+ 36. Kf2 Rb3 37. Bd5 Rxb4 38. Rxf7+ Ke8 39. Rxg7
Rb2 40. Kf3 Rc2 41. Ke4 Be1 42. g4 Rh2 43. Rg6 Bd2 44. c5 Kd8 45. c6 Bg5 46.
Rg8+ Kc7 47. Rg7+ Kd8 48. c7+ Kc8 49. Be6+ 1-0

[Event "CTO DE ESPANA DE SELECCIONES AUTONOMICAS"]
[Site "Hotel La Borona, Gijon (Asturi"]
[Date "2011.04.30"]
[Round "3.1"]
[White "Almagro Llamas, Pablo"]
[Black "Mascaro March, Pedro"]
[Result "0-1"]
[WhiteElo "2472"]
[BlackElo "2396"]
[PlyCount "94"]
[EventDate "2011.04.29"]

1. c4 Nf6 2. g3 e6 3. Bg2 d5 4. Nf3 dxc4 5. Qa4+ c6 6. Qxc4 b5 7. Qc2 Bb7 8.
O-O Nbd7 9. Nc3 Be7 10. d4 O-O 11. Rd1 Qb6 12. e4 c5 13. d5 e5 14. Nh4 g6 15.
d6 Bd8 16. b3 Re8 17. Bh3 Bc6 18. Be3 Qb7 19. f3 Bb6 20. Ng2 Nf8 21. Qf2 N6d7
22. Nd5 Bxd5 23. Rxd5 Ne6 24. f4 Nf6 25. Rxe5 Nxe4 26. Qf1 Nxd6 27. Nh4 c4 28.
Bg2 Bxe3+ 29. Rxe3 Qb6 30. Qf2 Rad8 31. Rae1 Nc5 32. bxc4 Rxe3 33. Rxe3 bxc4
34. Rc3 Qb4 35. Qd4 Rd7 36. Rc1 Nd3 37. Rf1 Qb6 38. Nf3 Nf5 39. Qxb6 axb6 40.
Ne5 Nxe5 41. fxe5 Rd2 42. Rc1 Rxa2 43. Bc6 Ne3 44. Re1 Nc2 45. Re4 c3 46. Rc4
Nd4 47. Bd5 Ra1+ 0-1

[Event "CTO DE ESPANA DE SELECCIONES AUTONOMICAS"]
[Site "Hotel La Borona, Gijon (Asturi"]
[Date "2011.04.30"]
[Round "3.2"]
[White "Barcelo Pujadas, Pedro Jose"]
[Black "Anton Guijarro, David"]
[Result "0-1"]
[WhiteElo "2257"]
[BlackElo "2425"]
[PlyCount "98"]
[EventDate "2011.04.29"]

1. Nf3 Nf6 2. c4 g6 3. g3 Bg7 4. Bg2 O-O 5. O-O Re8 6. d4 d6 7. Nc3 Nbd7 8. h3
e5 9. e4 a6 10. Re1 Rb8 11. a4 a5 12. Be3 exd4 13. Nxd4 Ne5 14. b3 Nc6 15. Ndb5
Be6 16. Rc1 Qd7 17. Kh2 Nb4 18. Nd5 Na6 19. Bd4 Qd8 20. Ndxc7 Nxc7 21. Bb6 Rc8
22. Nxc7 Rxc7 23. e5 Nd7 24. Bxc7 Qxc7 25. exd6 Qb6 26. c5 Nxc5 27. Bd5 Rd8 28.
Bxe6 Nxe6 29. Qf3 Rxd6 30. Rc8+ Bf8 31. Qf6 Qd4 32. Qxd4 Rxd4 33. Re5 Rb4 34.
Rxa5 Rxb3 35. Rd5 Kg7 36. a5 Rb2 37. Kg2 Be7 38. Rb8 Bc5 39. Kh1 Ba7 40. Ra8
Bxf2 41. Rd3 Bc5 42. h4 h5 43. Rb8 Rb5 44. Rd7 Rxa5 45. Rbxb7 Ra1+ 46. Kg2 Ra2+
47. Kf1 Rf2+ 48. Ke1 Rf5 49. Rd3 Bf2+ 0-1

[Event "CTO DE ESPANA DE SELECCIONES AUTONOMICAS"]
[Site "Hotel La Borona, Gijon (Asturi"]
[Date "2011.04.30"]
[Round "3.3"]
[White "Candela Perez, Jose"]
[Black "Bestard Borras, Miguel"]
[Result "1-0"]
[WhiteElo "2399"]
[BlackElo "2204"]
[PlyCount "77"]
[EventDate "2011.04.29"]

1. d4 d5 2. c4 c6 3. Nf3 Nf6 4. Nc3 dxc4 5. a4 Bf5 6. Ne5 e6 7. f3 Bb4 8. e4
Bxe4 9. fxe4 Nxe4 10. Bd2 Qxd4 11. Nxe4 Qxe4+ 12. Qe2 Bxd2+ 13. Kxd2 Qd5+ 14.
Kc2 Na6 15. Nxc4 b5 16. axb5 Nb4+ 17. Kc3 cxb5 18. Rd1 Qc5 19. Qe5 Nd5+ 20.
Rxd5 b4+ 21. Kb3 Qxd5 22. Qxd5 exd5 23. Ne3 O-O 24. Nxd5 a5 25. Bc4 g6 26. Ka4
Kg7 27. Re1 Ra7 28. Re5 Rd8 29. g4 f6 30. Re6 Rad7 31. Nxf6 Rd4 32. b3 h6 33.
h4 Rc8 34. Ne8+ Kf8 35. Nd6 Rc6 36. Re8+ Kg7 37. Re7+ Kf6 38. Re6+ Kg7 39. Ne8+
1-0

[Event "CTO DE ESPANA DE SELECCIONES AUTONOMICAS"]
[Site "Hotel La Borona, Gijon (Asturi"]
[Date "2011.04.30"]
[Round "3.4"]
[White "Lechado Artigues, Pedro"]
[Black "Martinez Martin, David"]
[Result "1-0"]
[WhiteElo "2081"]
[BlackElo "2398"]
[PlyCount "115"]
[EventDate "2011.04.29"]

1. e4 c5 2. Nf3 Nc6 3. d4 cxd4 4. Nxd4 Nf6 5. Nc3 d6 6. f3 e5 7. Nb3 Be6 8. Be3
Be7 9. Qd2 O-O 10. O-O-O a5 11. Qf2 a4 12. Nd2 a3 13. b3 Nb4 14. Kb1 Qc8 15.
Bc4 Ra5 16. Bb6 Ra6 17. Qe3 Rxb6 18. Qxb6 d5 19. exd5 Bc5 20. Qa5 b6 21. Qxa3
Nbxd5 22. Qb2 Bd4 23. Bxd5 Bxd5 24. Nde4 Bxe4 25. Rxd4 Bxc2+ 26. Qxc2 exd4 27.
Ne2 Qd7 28. Rd1 Rc8 29. Qd3 h5 30. Qxd4 Qf5+ 31. Qd3 Qe5 32. g3 b5 33. f4 Qe7
34. Qxb5 Rc5 35. Qd3 Nd5 36. Kb2 Ra5 37. a4 Qf6+ 38. Qd4 Qe6 39. Nc3 Nxc3 40.
Qxc3 Ra8 41. Qe5 Qb6 42. Qd6 Qf2+ 43. Rd2 Qe3 44. Qd4 Qe7 45. Qe5 Qb4 46. Rd4
Qb6 47. Qd6 Qa7 48. Ka3 Re8 49. Rd3 Qg1 50. h4 Re4 51. Kb2 Re2+ 52. Kc3 Qe1+
53. Kc4 Rc2+ 54. Kb5 Qe8+ 55. Kb6 Rc8 56. Qd7 Rb8+ 57. Kc7 Qf8 58. Qd8 1-0

[Event "CTO DE ESPANA DE SELECCIONES AUTONOMICAS"]
[Site "Hotel La Borona, Gijon (Asturi"]
[Date "2011.04.30"]
[Round "3.5"]
[White "Suarez Uriel, Adrian"]
[Black "Shen, Yue"]
[Result "1-0"]
[WhiteElo "2192"]
[BlackElo "1976"]
[PlyCount "97"]
[EventDate "2011.04.29"]

1. e4 c5 2. Ne2 d6 3. g3 Nc6 4. Bg2 g6 5. c3 c4 6. O-O Rb8 7. b3 b5 8. bxc4
bxc4 9. Na3 Ne5 10. Nd4 Qd7 11. f4 Nd3 12. e5 d5 13. Nxc4 Ba6 14. Ne3 Nxc1 15.
Bxd5 Rb6 16. Qxc1 Bxf1 17. Rb1 Qc7 18. Rxb6 Qxb6 19. Bc6+ Kd8 20. Qxf1 e6 21.
Nc4 Qc7 22. Qd3 Bc5 23. Kf1 Ke7 24. Bf3 Bxd4 25. cxd4 Kf8 26. d5 exd5 27. Bxd5
Ne7 28. Be4 Kg7 29. Nd6 Rd8 30. Qc4 Qxc4+ 31. Nxc4 Rd4 32. d3 f5 33. exf6+ Kxf6
34. Ke2 Rd8 35. Kd2 Nf5 36. Ne5 Nd6 37. Bd5 Nb5 38. Bc4 Nd4 39. Kc3 Ne2+ 40.
Kb4 Rb8+ 41. Kc5 Rb2 42. d4 h5 43. d5 h4 44. d6 Nxg3 45. d7 Ke7 46. Kc6 Rb8 47.
Kc7 Ra8 48. hxg3 hxg3 49. Bd5 1-0

[Event "CTO DE ESPANA DE SELECCIONES AUTONOMICAS"]
[Site "Hotel La Borona, Gijon (Asturi"]
[Date "2011.04.30"]
[Round "3.6"]
[White "Boix Pons, Catalina"]
[Black "Pascual Palomo, Lucia"]
[Result "0-1"]
[WhiteElo "1933"]
[BlackElo "2163"]
[PlyCount "56"]
[EventDate "2011.04.29"]

1. d4 e6 2. c4 Nf6 3. Nc3 Bb4 4. Qc2 b6 5. Nf3 Bb7 6. Bg5 h6 7. Bh4 c5 8. dxc5
Bxc5 9. e4 d6 10. Be2 Nbd7 11. a3 Ne5 12. Rd1 Nxf3+ 13. Bxf3 g5 14. Bg3 a5 15.
h4 g4 16. Be2 Qe7 17. h5 Nd7 18. Bh4 f6 19. Bxg4 Rg8 20. Bh3 Ne5 21. Qe2 Qf7
22. Nb5 O-O-O 23. O-O Rd7 24. Kh1 f5 25. exf5 exf5 26. Bg3 f4 27. Bxd7+ Qxd7
28. Bxf4 Qh3+ 0-1

[Event "CTO DE ESPANA DE SELECCIONES AUTONOMICAS"]
[Site "Hotel La Borona, Gijon (Asturi"]
[Date "2011.04.30"]
[Round "3.2"]
[White "Suarez Real, Alberto"]
[Black "De La Cruz Revilla, Miguel"]
[Result "1-0"]
[WhiteElo "2386"]
[BlackElo "1997"]
[PlyCount "77"]
[EventDate "2011.04.29"]

1. e4 d6 2. d4 g6 3. Nc3 Bg7 4. Be3 Nf6 5. f3 c6 6. Qd2 Qa5 7. Bd3 e5 8. Nge2
Nbd7 9. O-O O-O 10. a4 Qb4 11. a5 d5 12. exd5 cxd5 13. Ra4 Qe7 14. Bg5 Qe8 15.
dxe5 Nxe5 16. Rf4 Nh5 17. Rh4 Nxd3 18. cxd3 f6 19. Bh6 g5 20. Bxg7 Nxg7 21. Rd4
Nf5 22. Rb4 Qe7 23. Rb5 d4 24. Nd5 Qd6 25. Qb4 Qxb4 26. Rxb4 Ne3 27. Nxe3 dxe3
28. Re4 Bf5 29. Rxe3 Rfd8 30. Rd1 Rd5 31. Re7 Rxd3 32. Rxd3 Bxd3 33. Nc3 Rb8
34. Nd5 Kf8 35. Rd7 Bf5 36. Nxf6 b6 37. Rxa7 bxa5 38. Rxa5 Be6 39. Nxh7+ 1-0

[Event "CTO DE ESPANA DE SELECCIONES AUTONOMICAS"]
[Site "Hotel La Borona, Gijon (Asturi"]
[Date "2011.04.30"]
[Round "3.3"]
[White "Cernuda Orejas, Victor Manuel"]
[Black "Alvarez Fernandez, Enrique"]
[Result "0-1"]
[WhiteElo "1931"]
[BlackElo "2374"]
[PlyCount "136"]
[EventDate "2011.04.29"]

1. d4 d5 2. c4 c6 3. cxd5 cxd5 4. Nc3 a6 5. Nf3 Nf6 6. g3 Nc6 7. Bg2 Bf5 8. O-O
e6 9. Nh4 Bg4 10. h3 Bh5 11. g4 Nd7 12. Nf3 Bg6 13. Bf4 Be7 14. Re1 O-O 15. e4
dxe4 16. Nxe4 Nf6 17. Nxf6+ Bxf6 18. Be5 Be7 19. a3 Qd7 20. Bg3 Rfd8 21. Ne5
Nxe5 22. dxe5 Qb5 23. Qf3 Rab8 24. b4 a5 25. Bf1 Qb6 26. bxa5 Qxa5 27. Rac1 Bc5
28. Rc4 b6 29. Qf4 Bd3 30. Ra4 Qc3 31. Ra7 Bg6 32. Rc1 Qb2 33. Re1 Rd4 34. Qf3
Qd2 35. Qe2 Qc3 36. Qe3 Qxe3 37. fxe3 Rd2 38. Re2 Rd3 39. a4 Ra3 40. Bf2 b5 41.
Ra5 Rxa4 42. Ra2 Rxa2 43. Rxa2 b4 44. Rb2 b3 45. Bc4 Bc2 46. e4 Ba3 47. Bxb3
Bxb3 48. Rb1 h6 49. h4 Be7 50. Kg2 g6 51. Kg3 Kg7 52. Be3 Rb7 53. g5 hxg5 54.
Bxg5 Bxg5 55. hxg5 Bd5 56. Re1 Rb3+ 57. Kf4 Bb7 58. Re2 Rb4 59. Re1 Kf8 60. Re2
Ke7 61. Re1 Kd7 62. Rd1+ Kc7 63. Rc1+ Bc6 64. Kg3 Rxe4 65. Rf1 Be8 66. Rc1+ Bc6
67. Rf1 Re3+ 68. Kg4 Rf3 0-1

[Event "CTO DE ESPANA DE SELECCIONES AUTONOMICAS"]
[Site "Hotel La Borona, Gijon (Asturi"]
[Date "2011.04.30"]
[Round "3.6"]
[White "Grace Coletes, Angela"]
[Black "Bastida Rodriguez, Ines"]
[Result "1/2-1/2"]
[WhiteElo "1687"]
[BlackElo "1585"]
[PlyCount "115"]
[EventDate "2011.04.29"]

1. e4 e5 2. Nf3 Nc6 3. Bc4 Bc5 4. c3 Nf6 5. d3 d6 6. Bb3 Bg4 7. O-O h6 8. Nbd2
O-O 9. Bc2 a5 10. a4 Nd7 11. Re1 f5 12. h3 Bxf3 13. Nxf3 f4 14. d4 Bb6 15. b3
Ne7 16. Bb2 Ng6 17. Qd2 Nh4 18. Qe2 Nxf3+ 19. Qxf3 Nf6 20. Rad1 Qe7 21. Qd3 Nh7
22. Rd2 f3 23. g3 Qd7 24. Qf1 Qc8 25. Rd3 Ng5 26. h4 Ne6 27. Bd1 exd4 28. cxd4
Qd7 29. Qh3 Qe7 30. Qg4 Rf6 31. d5 Nc5 32. Bxf6 Qxf6 33. Rxf3 Qd4 34. Qf5 Nd3
35. Rf1 Ne5 36. Re3 Rf8 37. Qh5 Qd2 38. Re2 Qd4 39. Kh1 Nd3 40. f4 Nc1 41. Rg2
Nd3 42. Qf3 Nb4 43. g4 g5 44. hxg5 hxg5 45. f5 Rf7 46. Rh2 Nd3 47. Qh3 Nf4 48.
Qh6 Qg7 49. Qxg7+ Kxg7 50. Bc2 Kf6 51. Rxf4 gxf4 52. Kg2 Bd4 53. Kf3 Be5 54.
Rg2 Kg5 55. Rh2 Rg7 56. Bd3 c6 57. Bc4 c5 58. Bd3 1/2-1/2

[Event "CTO DE ESPANA DE SELECCIONES AUTONOMICAS"]
[Site "Hotel La Borona, Gijon (Asturi"]
[Date "2011.04.30"]
[Round "3.2"]
[White "Lorente Penalba, Diego"]
[Black "Huerga Leache, Mikel"]
[Result "0-1"]
[WhiteElo "2175"]
[BlackElo "2440"]
[PlyCount "70"]
[EventDate "2011.04.29"]

1. e4 c5 2. Nf3 Nc6 3. d4 cxd4 4. Nxd4 Nf6 5. Nc3 e5 6. Ndb5 d6 7. Bg5 a6 8.
Na3 b5 9. Bxf6 gxf6 10. Nd5 Bg7 11. c3 f5 12. exf5 Bxf5 13. Nc2 Be6 14. Nce3
Ne7 15. Nxe7 Qxe7 16. Bd3 d5 17. Nf5 Qg5 18. Nxg7+ Qxg7 19. g3 O-O 20. Bc2 b4
21. cxb4 e4 22. O-O Qxb2 23. Qh5 Rfd8 24. Bb3 Qg7 25. Rad1 Bg4 26. Qh4 Bxd1 27.
Rxd1 Qe5 28. Qh6 Rd6 29. Qc1 d4 30. Qc7 Rf8 31. Rc1 e3 32. f4 Qf6 33. Rc5 e2
34. Kf2 d3 35. Rg5+ Kh8 0-1

[Event "CTO DE ESPANA DE SELECCIONES AUTONOMICAS"]
[Site "Hotel La Borona, Gijon (Asturi"]
[Date "2011.04.30"]
[Round "3.5"]
[White "Jimenez Almeida, Luis David"]
[Black "Moya Mallafre, Erik"]
[Result "1/2-1/2"]
[WhiteElo "1965"]
[BlackElo "1997"]
[PlyCount "154"]
[EventDate "2011.04.29"]

1. d4 c6 2. c4 d5 3. Nf3 e6 4. g3 Nf6 5. Bg2 Nbd7 6. b3 Bb4+ 7. Bd2 a5 8. O-O
Ne4 9. Qc2 Nxd2 10. Nbxd2 Nf6 11. Rfd1 O-O 12. e4 Nxe4 13. Nxe4 dxe4 14. Qxe4
Qf6 15. Ne5 Rd8 16. Rac1 Bd7 17. h4 Bd6 18. Ng4 Qf5 19. Qe2 a4 20. Be4 Qa5 21.
c5 Bf8 22. Ne5 Be8 23. Nc4 Qb4 24. a3 Qb5 25. b4 Qa6 26. Bd3 b5 27. Nb6 Ra7 28.
h5 Qb7 29. Qe4 g6 30. hxg6 hxg6 31. Kg2 Bg7 32. Bb1 Qe7 33. Rd3 e5 34. dxe5
Rxd3 35. Bxd3 Qxe5 36. Nc8 Rd7 37. Nd6 Re7 38. Re1 Bd7 39. Rd1 Qg5 40. Qf3 Bg4
41. Qxc6 Bxd1 42. Nxb5 Bb3 43. Qc8+ Kh7 44. Qh3+ Qh6 45. Qxh6+ Kxh6 46. Nd6 Bb2
47. Nb5 Rd7 48. Be4 Bd5 49. Kf3 Bxe4+ 50. Kxe4 f5+ 51. Kf4 Rd2 52. Ke3 Bc1 53.
Nd4 Kg7 54. Ne2 Rd1+ 55. Nxc1 Rxc1 56. Kd4 Rd1+ 57. Kc4 Kf7 58. Kb5 Ke7 59.
Kxa4 Rd3 60. b5 Kd7 61. Kb4 Kc7 62. a4 Rd4+ 63. Kb3 Rd2 64. a5 Kb7 65. Kc4 Rxf2
66. c6+ Kc7 67. Kc5 Rc2+ 68. Kd5 g5 69. b6+ Kb8 70. a6 Rd2+ 71. Ke6 f4 72. a7+
Ka8 73. c7 Rc2 74. Kd7 Rd2+ 75. Kc8 Rb2 76. Kd8 Rd2+ 77. Ke7 Rc2 1/2-1/2

[Event "CTO DE ESPANA DE SELECCIONES AUTONOMICAS"]
[Site "Hotel La Borona, Gijon (Asturi"]
[Date "2011.04.30"]
[Round "3.4"]
[White "Astasio Lopez, David"]
[Black "Rodriguez Fontecha, Marcos"]
[Result "1-0"]
[WhiteElo "2330"]
[BlackElo "2254"]
[PlyCount "99"]
[EventDate "2011.04.29"]

1. d4 d5 2. Nf3 c6 3. Nbd2 Nf6 4. c3 Bf5 5. Nh4 Bg4 6. h3 Bh5 7. g4 Bg6 8. Bg2
e6 9. Nxg6 hxg6 10. e4 dxe4 11. Nxe4 Nxe4 12. Bxe4 Bd6 13. Be3 Nd7 14. Qb3 Qb6
15. Qc2 Qc7 16. O-O-O Nf6 17. Bg2 Nd5 18. Kb1 Nf4 19. Bxf4 Bxf4 20. Qa4 Kf8 21.
h4 Kg8 22. Rh3 Bd6 23. Rdh1 Be7 24. Qb3 Rb8 25. Be4 Qf4 26. f3 Rh6 27. a3 Bd8
28. Ka2 Be7 29. Ka1 Bd8 30. Ka2 Be7 31. Qa4 Ra8 32. Qa5 f5 33. Bc2 fxg4 34.
fxg4 Qxg4 35. Qc7 Bxh4 36. Qxb7 Rf8 37. Qxc6 g5 38. Bd1 Qf4 39. Rf3 Qb8 40.
Rxf8+ Qxf8 41. Bb3 Kh8 42. Bxe6 Bg3 43. Bb3 Bf4 44. Qf3 Qd8 45. Re1 Qf8 46. Qg4
Rh2 47. Re2 Rh1 48. Qd7 Kh7 49. Bc2+ Kh6 50. Qc6+ 1-0

[Event "CTO DE ESPANA DE SELECCIONES AUTONOMICAS"]
[Site "Hotel La Borona, Gijon (Asturi"]
[Date "2011.04.30"]
[Round "3.5"]
[White "Tejedor Fuentes, Enrique"]
[Black "Garro Beraza, Julen"]
[Result "1-0"]
[WhiteElo "2113"]
[BlackElo "1889"]
[PlyCount "167"]
[EventDate "2011.04.29"]

1. e4 c5 2. Nf3 d6 3. c3 Nf6 4. Be2 Nc6 5. d3 e6 6. O-O Be7 7. Re1 O-O 8. Bf1
Qc7 9. d4 e5 10. h3 a6 11. a4 b6 12. Na3 Bb7 13. Nc2 exd4 14. cxd4 d5 15. e5
Ne4 16. Bf4 Rad8 17. Qc1 Qd7 18. Bd3 Na5 19. Qd1 f6 20. Ne3 Ng5 21. Nxg5 fxg5
22. Qh5 Rxf4 23. Qxh7+ Kf8 24. Bf5 Rh4 25. Qg6 Rh6 26. Qxh6 gxh6 27. Bxd7 Rxd7
28. Nf5 c4 29. Nxh6 Nb3 30. Rad1 Bc6 31. Re3 Kg7 32. Nf5+ Kg6 33. Rf3 Bd8 34.
e6 Rh7 35. Nd6 Bxa4 36. Nc8 Bc6 37. Re3 Kf6 38. Rde1 Be7 39. Rf3+ Kg6 40. Rf7
Bb4 41. Rxh7 Kxh7 42. Re5 Nxd4 43. Nxb6 c3 44. bxc3 Bxc3 45. Re3 Nb5 46. e7 Bd4
47. Re6 Be8 48. Nxd5 Kg7 49. Rxa6 Be5 50. g3 Nc7 51. Ra5 Nxd5 52. Rxd5 Bf6 53.
Rf5 Kf7 54. f4 gxf4 55. Rxf4 Kxe7 56. h4 Bg6 57. Ra4 Ke6 58. Ra6+ Kf7 59. Kh2
Bd3 60. Ra7+ Kg6 61. Ra3 Bf1 62. Rf3 Be2 63. Rf2 Bg4 64. Rf4 Be2 65. Kh3 Bd1
66. g4 Bc2 67. Rf2 Be4 68. Re2 Bd3 69. Re1 Bc2 70. Rc1 Be4 71. Re1 Bd3 72. g5
Bf5+ 73. Kh2 Bc3 74. Re8 Kf7 75. Re3 Bd4 76. Rf3 Be5+ 77. Kg2 Kg6 78. Re3 Bd4
79. Re7 Bc5 80. Re5 Bd4 81. Ra5 Bc3 82. Ra6+ Kg7 83. Kf3 Bc8 84. Ra7+ 1-0

[Event "CTO DE ESPANA DE SELECCIONES AUTONOMICAS"]
[Site "Hotel La Borona, Gijon (Asturi"]
[Date "2011.04.30"]
[Round "3.6"]
[White "Corral Yugueros, Nuria"]
[Black "Martin Fuentes, Paula"]
[Result "1-0"]
[WhiteElo "1654"]
[BlackElo "1473"]
[PlyCount "71"]
[EventDate "2011.04.29"]

1. e4 e6 2. d4 d5 3. exd5 exd5 4. Bd3 Bd6 5. Nf3 Ne7 6. O-O Nbc6 7. c3 Be6 8.
Bg5 f6 9. Bh4 Qd7 10. Bg3 O-O-O 11. Bxd6 Qxd6 12. Nbd2 g5 13. Re1 h5 14. Nf1 h4
15. N3d2 Rdg8 16. Qe2 Bd7 17. Nb3 g4 18. Nc5 b6 19. Nxd7 Qxd7 20. Qe6 Qxe6 21.
Rxe6 Rf8 22. Rae1 Rf7 23. Nd2 Kb7 24. Bb5 a6 25. Ba4 b5 26. Bc2 f5 27. Nb3 a5
28. Nc5+ Kb6 29. Nd7+ Kb7 30. Bd3 b4 31. a4 bxa3 32. bxa3 Kc8 33. Nc5 Re8 34.
Rxc6 Rg8 35. Rce6 c6 36. Rxe7 1-0

[Event "CTO DE ESPANA DE SELECCIONES AUTONOMICAS"]
[Site "Hotel La Borona, Gijon (Asturi"]
[Date "2011.05.01"]
[Round "4.1"]
[White "Baron Rodriguez, Jesus"]
[Black "Magem Badals, Jordi"]
[Result "1-0"]
[WhiteElo "2447"]
[BlackElo "2573"]
[PlyCount "49"]
[EventDate "2011.04.29"]

1. e4 c6 2. d4 d5 3. exd5 cxd5 4. c4 Nf6 5. Nc3 Nc6 6. Nf3 g6 7. cxd5 Nxd5 8.
Qb3 Nxc3 9. Bc4 Nd5 10. Bxd5 e6 11. Bxc6+ bxc6 12. O-O Bg7 13. Bf4 O-O 14. Rac1
a5 15. Rxc6 a4 16. Qb6 Qd5 17. Rc7 Ba6 18. Rfc1 Rfb8 19. Qc5 Rxb2 20. Qe7 Qf5
21. Ra7 Rf8 22. Qa3 Rb6 23. Bd6 Rc8 24. Rxa6 Qc2 25. Ra8 1-0

[Event "CTO DE ESPANA DE SELECCIONES AUTONOMICAS"]
[Site "Hotel La Borona, Gijon (Asturi"]
[Date "2011.05.01"]
[Round "4.2"]
[White "Alsina Leal, Daniel"]
[Black "Garza Marco, Sergio"]
[Result "1/2-1/2"]
[WhiteElo "2538"]
[BlackElo "2434"]
[PlyCount "102"]
[EventDate "2011.04.29"]

1. e4 e6 2. d4 d5 3. Nc3 Bb4 4. e5 b6 5. a3 Bf8 6. Nf3 Ne7 7. b4 Nf5 8. Bd3 Be7
9. Ne2 c5 10. c3 h5 11. Bd2 Bd7 12. h3 a5 13. Kf1 h4 14. g4 hxg3 15. fxg3 axb4
16. axb4 Nc6 17. g4 Nh4 18. Nxh4 Bxh4 19. Kg2 cxb4 20. cxb4 O-O 21. Rf1 Qe7 22.
Rxa8 Rxa8 23. Qb3 Bg5 24. Bc3 Be8 25. Ng1 Qa7 26. Ra1 Qb7 27. Rxa8 Qxa8 28. Ne2
Nxe5 29. dxe5 d4+ 30. Kg3 dxc3 31. Qxc3 Bc6 32. Nf4 Bh1 33. Bc2 Qd8 34. Qd3
Qxd3+ 35. Bxd3 Bd8 36. Bc4 Be4 37. Ne2 g5 38. Nc3 Bc2 39. Nb5 Kf8 40. Kf3 Be7
41. Nd6 Ba4 42. b5 Bc2 43. Ne4 Kg7 44. Ke3 Kh6 45. Bd3 Bb3 46. Kd4 Bd5 47. Bc4
Ba8 48. Nd6 Kg7 49. Ne4 Kf8 50. Bd3 Ke8 51. Bc4 Kd7 1/2-1/2